000 00844nam a22002177a 4500
999 _c2197
_d2197
003 AR-CdUCM
008 190304b ||||| |||| 00| 0 spa d
040 _aMUNICIPALIDAD PROVINCIAL DEL CUSCO
_cBIBLIOTECA MUNICIPAL DEL CUSCO
082 _a980 /
_bP53
100 _aPicón Salas, Mariano
_97926
245 _aDe la conquista a la independencia /
260 _aMéxico :
_bFondo de Cultura Economica,
_c1944.
300 _a220 páginas.
_c21.5 cm.
440 _aTierra Firme
_n4
_97927
505 _aContenido: Conquista en Latinoamerica -- Independencia de Paises Latinoamericanos -- El Legado Indio -- Espiritu Indigena -- El complejo social de la epoca -- Fiestas Teatro y otras formas...
650 _aEl legado Indio
_97928
650 _aIndigenismo
_9208
650 _aColonia y Virreinato
_97929
942 _2ddc
_cLIBROS
945 _artm